000 00401nam a2200157Ia 4500
008 240428s9999||||xx |||||||||||||| ||und||
020 _a9964969228
041 _aeng
100 _aObeng Letitia E.
245 4 _aThe Ghana Academy of Arts and Sciences: A Historical Perspective
260 _bPagelinks
_aAccra
_c2009
300 _aviii, 198p: pictures
650 _aNULL
942 _cBK
999 _c477
_d477